| 000 | 00516nam a2200205 a 4500 | ||
|---|---|---|---|
| 999 |
_c4546 _d4546 |
||
| 003 | BD-JhCC | ||
| 005 | 20200205134007.0 | ||
| 008 | 171128s2005 ii a|||| |||| 00| 0 eng d | ||
| 035 | _a(BD-JhCC) | ||
| 040 |
_aBD-JhCC _dBD-JhCC |
||
| 041 | _aeng | ||
| 082 |
_a535 _bSUB 2005 |
||
| 100 | _aN. Subrahmanyam | ||
| 245 |
_aOptics / _cN. Subrahmanyam |
||
| 260 |
_aIndia : _bS. Chand & Company Ltd, _c2005 |
||
| 300 |
_a718 p. : _bill. ; _c22cm. |
||
| 650 |
_aOptics _xPhysics |
||
| 942 |
_2ddc _cBK _02 |
||